• 首页
  • 本馆介绍
  • 公告通知
  • 最新文献
  • 馆藏检索
  • 电子资源
  • 读者导购
  • 参考咨询
  • 我的图书馆
  • 登录
  • 详细信息显示
  • 放入我的书架
  • 预约/预借图书
  • 作者相关作品
  • 分类相关作品
  • 丛书相关作品
  • 出版社相关作品

书目信息

  • 表格格式
  • 工作单格式
  • 卡片格式
题名:
世界语前置词略解
    
 
作者: 小坂狷二 著 ;周力 译
分册:  
出版信息: 北京   中国世界语出版社  1985
页数: 109页
开本: 19cm
丛书名:
单 册:
中图分类: H91
科图分类:
主题词: 世界语-语法 , 语法-世界语
电子资源:
ISBN:
000 00691nam0 2200253 45
001 0185014044
005 20040509174606.3
010    @dCNY0.80
100    @a19951101d1985 em y0chiy0121 ea
101 1  @achi@cjpn
102    @aCN@b110000
105    @ay z 000yy
106    @ar
200 10 @a世界语前置词略解@Ashi jie yu qian zhi ci lue jie@f(日)小坂狷二著@g周力译
210    @a北京@c中国世界语出版社@d1985
215    @a109页@d19cm
606    @a世界语-语法
606    @a语法-世界语
690    @aH91@v3
701  0 @a小坂狷二@4著@Axiao ban juan er
702  0 @a周力@4译@Azhou li
801  0 @aCN@b深圳图书馆@c20040509
801  2 @aCN@bNLC@c20040509
905    @f2@b151446-447@dH91@e15
    
    世界语前置词略解/(日)小坂狷二著/周力译.-北京:中国世界语出版社,1985
    109页;19cm
    
    
    ISBN :CNY0.80
    
●
相关链接 在E读中查询图书 在五车中查询图书 在当当中查询图书 在豆瓣中查询图书


正题名:世界语前置词略解     索取号:H91/15         预约/预借

序号 登录号 条形码 馆藏地/架位号 状态 备注
1 0151446   001168514   第四借阅区/ [索取号:H91/15] 在馆    
2 0151447   001168505   第四借阅区/ [索取号:H91/15] 在馆    
3 0151448   001168499   第二样本阅览室/ [索取号:H91/15] 在馆    
唐山师范学院图书馆 欢迎您!
大连网信软件有限公司© 版权所有